000 00943nam a2200217Ia 4500
001 16251
003 GE_BSU
008 181216s||||||||xx |||||||||||||| ||und||
020 _a9789941196171
040 _cGE_BSU
245 _aსაქართველოს ისტორია ოთხ ტომად ტ.1 საქართველო უძველესი დროიდან ახალი წელთაღრიცხვის IV საუკუნამდე
245 _bუძველესი დროიდან XX საუკუნის ბოლომდე
245 _cრედ. დავით მუსხელიშვილი
260 _aთბილისი.
260 _bპალიტრაL
260 _c2012
300 _a304გვ.ილ,რუკები,25სმ.
541 _h12ლ,50თ
653 _aსაქართველოს ისტორია
942 _cBK
999 _c49334
_d49334